Videokonferencia pre sluchovo postihnutých

Saved in:
Bibliographic Details
Main Author: Jambrich, Ján (Author)
Other Authors: Filanová, Jana, 1967- (Thesis advisor)
Format: Manuscript Book
Language:Slovak
Published: Bratislava : STU v Bratislave FEI, 2003
Subjects:
Tags: Add Tag
No Tags, Be the first to tag this record!

MARC

LEADER 00000ntm a22000003a 4500
001 stu81055
005 20160719164727.9
008 030618s2003------------------------slo-d
040 |a STU  |b slo 
041 0 |a slo 
100 1 |a Jambrich, Ján  |4 aut 
245 1 |a Videokonferencia pre sluchovo postihnutých 
260 |a Bratislava :  |b STU v Bratislave FEI,  |c 2003 
300 |a 66 s 
650 7 |a Telekomunikácie  |2 stusub 
700 1 |a Filanová, Jana,  |d 1967-  |4 ths  |u E240  |U FEI Fakulta elektrotechniky a informatiky  |T FEI Katedra telekomunikácií  |X 1839  |U E240  |Y 72  |7 A000001839